000 00262nam a2200109Ia 4500
008 190216s9999||||xx |||||||||||||| ||und||
100 _aSatheesh Chandran
245 0 _aNam Nammude Shareeram
260 _bPrabhath Book House
650 _aMalayalam
942 _cREF
999 _c36071
_d36071